| 000 | 01452nam1a22003011 4500 | ||
|---|---|---|---|
| 001 | RU\NLR\A1SV\39212 | ||
| 005 | 20251203171251.9 | ||
| 035 | _a(NLR Aleph) 009721543 | ||
| 090 |
_a9875187 _c9875187 |
||
| 100 | _a20111128d1922 u y0rusy50 ca | ||
| 101 | 0 | _arus | |
| 102 | _aRU | ||
| 200 | 1 |
_aСборник законов и распоряжений правительства по землеустройству и землепользованию _fСост. зав. Отд. землеустройства и мелиорации ОБЗУ П.И.Снегов и земрук Н.Н.Лукьянов _gКубанско-Черномор. обл. зем. упр. |
|
| 210 |
_aКраснодар _c7-я тип. Управполиграфтрест _d1922 |
||
| 215 | _d22 см | ||
| 300 | _aВо 2-м вып. общ. загл.: Сборник руководящих декретов, узаконений и распоряжений правительства по отделам: лесному, коллективно-кооперативному, животноводства и ветеринарии и совхозов | ||
| 620 | _dМосква | ||
| 700 | 1 |
_aСнегов _bП.И. |
|
| 701 | 1 |
_aЛукьянов _bН.Н. |
|
| 801 | 0 |
_aRU _bNLR _c20111128 |
|
| 852 |
_aNLR _j37.23.3.74-1 |
||
| 852 |
_aNLR _j38.29.6.31-2 |
||
| 899 |
_aСПбГУ _z(Вып.1) |
||
| 899 | _aРГБ | ||
| 942 | _cBOOK | ||
| 980 | _aNB | ||
| 980 | _aA1SV | ||